000 00383nam a2200145Ia 4500
008 230917s9999||||xx |||||||||||||| ||und||
040 _e127905
_aMAIN
041 _aEnglish
082 _a363.7 S23P
100 _aSharma, Dipti
245 0 _aParyavaran sanrakshan vidhi evam nyayik prakriya
260 _aNew Delhi
_bArjun Publishing House
_c2009
300 _a288 p.
942 _cBK
999 _c148662
_d148662